<?xml version="1.0" encoding="UTF-8"?>
<record
    xmlns:xsi="http://www.w3.org/2001/XMLSchema-instance"
    xsi:schemaLocation="http://www.loc.gov/MARC21/slim http://www.loc.gov/standards/marcxml/schema/MARC21slim.xsd"
    xmlns="http://www.loc.gov/MARC21/slim">

  <leader>00681    a2200193   4500</leader>
  <controlfield tag="001">144086</controlfield>
  <controlfield tag="003">OSt</controlfield>
  <controlfield tag="005">20260225160452.0</controlfield>
  <controlfield tag="008">                                        </controlfield>
  <datafield tag="082" ind1=" " ind2=" ">
    <subfield code="a">891.43109</subfield>
    <subfield code="b">S23S</subfield>
  </datafield>
  <datafield tag="100" ind1="1" ind2=" ">
    <subfield code="a">&#x936;&#x930;&#x94D;&#x92E;&#x93E;, &#x91C;&#x917;&#x91C;&#x940;&#x935;&#x928;</subfield>
  </datafield>
  <datafield tag="245" ind1="1" ind2=" ">
    <subfield code="a">&#x938;&#x92E;&#x915;&#x93E;&#x932;&#x940;&#x928; &#x915;&#x935;&#x93F;&#x924;&#x93E; &#x92E;&#x947;&#x902; &#x917;&#x94D;&#x930;&#x93E;&#x92E;&#x940;&#x923; &#x92C;&#x94B;&#x927;</subfield>
    <subfield code="c">by &#x91C;&#x917;&#x91C;&#x940;&#x935;&#x928; &#x936;&#x930;&#x94D;&#x92E;&#x93E;</subfield>
  </datafield>
  <datafield tag="260" ind1=" " ind2=" ">
    <subfield code="a">&#x928;&#x92F;&#x940; &#x926;&#x93F;&#x932;&#x94D;&#x932;&#x940;</subfield>
    <subfield code="b">&#x936;&#x941;&#x92D;&#x926;&#x93E; &#x92A;&#x94D;&#x930;&#x915;&#x93E;&#x936;&#x928;</subfield>
    <subfield code="c">2010</subfield>
  </datafield>
  <datafield tag="300" ind1=" " ind2=" ">
    <subfield code="a">327p.</subfield>
  </datafield>
  <datafield tag="546" ind1=" " ind2=" ">
    <subfield code="a">hindi</subfield>
  </datafield>
  <datafield tag="650" ind1=" " ind2=" ">
    <subfield code="a">&#x939;&#x93F;&#x928;&#x94D;&#x926;&#x940; &#x938;&#x93E;&#x939;&#x93F;&#x924;&#x94D;&#x92F;</subfield>
  </datafield>
  <datafield tag="653" ind1=" " ind2=" ">
    <subfield code="a">&#x939;&#x93F;&#x928;&#x94D;&#x926;&#x940; &#x915;&#x935;&#x93F;&#x924;&#x93E; - &#x938;&#x92E;&#x940;&#x915;&#x94D;&#x937;&#x93E;</subfield>
  </datafield>
  <datafield tag="942" ind1=" " ind2=" ">
    <subfield code="2">ddc</subfield>
    <subfield code="c">BK</subfield>
  </datafield>
  <datafield tag="999" ind1=" " ind2=" ">
    <subfield code="c">22067</subfield>
    <subfield code="d">22067</subfield>
  </datafield>
  <datafield tag="952" ind1=" " ind2=" ">
    <subfield code="0">0</subfield>
    <subfield code="1">0</subfield>
    <subfield code="2">ddc</subfield>
    <subfield code="4">0</subfield>
    <subfield code="7">0</subfield>
    <subfield code="8">TXB</subfield>
    <subfield code="a">CURAJ</subfield>
    <subfield code="b">CURAJ</subfield>
    <subfield code="c">HND</subfield>
    <subfield code="d">2014-03-12</subfield>
    <subfield code="g">500.00</subfield>
    <subfield code="i">23187/15-10-13</subfield>
    <subfield code="l">1</subfield>
    <subfield code="o">891.43109 S23S</subfield>
    <subfield code="p">16345</subfield>
    <subfield code="r">2025-04-15</subfield>
    <subfield code="s">2025-04-03</subfield>
    <subfield code="w">2020-09-02</subfield>
    <subfield code="y">BK</subfield>
  </datafield>
</record>
